Tres cronistas de Indias: Pedro Mártir de Anglería, Gonzálo Fernández de Oviedo, Fray Bartolomé de las Casas

Saved in:
Bibliografiske detaljer
Hovedforfatter: Salas, Alberto Mario (Author)
Format: Bog
Sprog:spansk
Udgivet: Ciudad de México Fondo de Cultura Económica 1959
Fag:
Tags: Tilføj Tag
Ingen Tags, Vær først til at tagge denne postø!

MARC

LEADER 00000nam a2200000 a 4500
001 UCV8455
003 CL-VaPUC
008 910807e19590000MX |||||||||||||||||spa|d
082 0 4 |a 980.01  |b SAL  |2 21 
100 0 |a Salas, Alberto Mario  |e author  |9 302505 
245 1 0 |a Tres cronistas de Indias: Pedro Mártir de Anglería, Gonzálo Fernández de Oviedo, Fray Bartolomé de las Casas 
300 |a 311 p 
942 |c BK 
945 |d 19910807 00:00:00 
260 |a Ciudad de México  |b Fondo de Cultura Económica  |c 1959 
600 0 7 |a FERNANDEZ DE OVIEDO Y VALDES, GONZALO  |2 CL-VaPUC  |9 266669 
600 0 7 |a ANGUEIRA, PIETRO MARTIN  |2 CL-VaPUC  |9 266670 
600 0 7 |a CASAS, BARTOLOME DE LAS  |2 CL-VaPUC  |9 266671 
650 7 |a COLONIAS  |2 CL-VaPUC  |9 258570 
651 0 |a España  |9 254926 
651 0 |a América  |9 255182 
583 |a last modification  |c 19910807 00:00:00  |k Rodrigo Vera 
999 |c 213968  |d 213966 
952 |0 0  |1 0  |4 0  |6 980_010000000000000_SAL_1959  |7 0  |8 A  |9 196905  |a BIBHIS  |b BIBHIS  |d 2019-11-14  |i 2646692  |o 980.01 SAL 1959  |p 2646692  |r 2025-01-20  |w 2019-11-14  |y BK  |k HIS 
952 |0 0  |1 0  |4 0  |6 980_010000000000000_SAL_1959  |7 0  |8 A  |9 196906  |a BIBARQ  |b BIBARQ  |d 2019-11-14  |i 2646714  |o 980.01 SAL 1959  |p 2646714  |r 2025-01-20  |w 2019-11-14  |y BK  |k ARQ